Kunnolamundallo bhoothakalakkulir | കുന്നോളമുണ്ടല്ലോ ഭൂതകാലക്കുളിർ (Record no. 17656)
[ view plain ]
| 000 -LEADER | |
|---|---|
| fixed length control field | 02396nam a22001817a 4500 |
| 003 - CONTROL NUMBER IDENTIFIER | |
| control field | OSt |
| 008 - FIXED-LENGTH DATA ELEMENTS--GENERAL INFORMATION | |
| fixed length control field | 230506b |||||||| |||| 00| 0 eng d |
| 041 ## - LANGUAGE CODE | |
| Language code of text/sound track or separate title | MAL |
| 082 ## - DEWEY DECIMAL CLASSIFICATION NUMBER | |
| Classification number | 920 |
| Item number | DEE/KU |
| 100 ## - MAIN ENTRY--AUTHOR NAME | |
| Personal name | Deepa nishanth |
| -- | ദീപാ നിശാന്ത് |
| 245 ## - TITLE STATEMENT | |
| Title | Kunnolamundallo bhoothakalakkulir |
| Remainder of title | കുന്നോളമുണ്ടല്ലോ ഭൂതകാലക്കുളിർ |
| 250 ## - EDITION STATEMENT | |
| Edition statement | 8 |
| 260 ## - PUBLICATION, DISTRIBUTION, ETC. (IMPRINT) | |
| Place of publication | Kottayam |
| Name of publisher | DCBOOKS |
| Year of publication | 2022 |
| 300 ## - PHYSICAL DESCRIPTION | |
| Number of Pages | 152 |
| 500 ## - GENERAL NOTE | |
| General note | Memmories |
| 520 ## - SUMMARY, ETC. | |
| Summary, etc | ഒരു നിലവറയ്ക്കുള്ളില് അടുക്കിവച്ച പുസ്തകങ്ങളെപ്പോലെയാണ് ഈ ഓര്മ്മക്കുറിപ്പുകള്. ഈ ഓര്മ്മകള്ക്ക് നാം ഇന്നോളം അനുഭവിക്കാത്തൊരു ഗന്ധമുണ്ട്. ആനന്ദത്തിലാറാടുന്ന നിമിഷങ്ങളിലും ഹൃദയം നുറുങ്ങുന്ന വേദനകളിലും നമ്മുടെ പ്രാണനില് പറ്റിപ്പിടിച്ച ചില ഗന്ധങ്ങള് ഈ പുസ്തകം അനുഭവിപ്പിക്കുന്നു. വെറുമൊരു ഓര്മ്മക്കുറിപ്പായി ഈ പുസ്തകം വായിച്ചു മടക്കിവയ്ക്കുവാന് നമുക്കു കഴിയാത്തതും അതുകൊണ്ടുതന്നെ. ഏതു വലിയ കീറാമുട്ടിയെയും നൂറായിരം ചീളുകളാക്കി അവള് തോളിലേറ്റും. പ്രകൃതി കനിഞ്ഞുനല്കിയ ഈ അതിജീവനശക്തിയാണ് പെണ്ണിനു ഭാഷ. ദീപയുടെ ഈ ചെറുകുറിപ്പുകള് എന്നെ ആഹ്ലാദിപ്പിക്കുന്നത് അതിലെ പ്രതികരണശേഷിയിലുള്ള നിര്വ്യാജമായ ആത്മാര്ത്ഥതകൊണ്ടാണ് വായനാസുഖമുള്ള, സാമൂഹ്യബോധമുള്ള കുറിപ്പുകളാണവ. |
| 942 ## - ADDED ENTRY ELEMENTS (KOHA) | |
| Koha item type | Books |
| Withdrawn status | Lost status | Damaged status | Collection code | Home library | Current library | Shelving location | Date acquired | Full call number | Accession Number | Koha item type |
|---|---|---|---|---|---|---|---|---|---|---|
| Fiction | KAUAET | KAUAET | Fiction | 06/05/2023 | 920 DEE/KU | 26214 | Books |
